[Event "Moscow IM-B 06"]
[Site "Moscow"]
[Date "2011.07.02"]
[Round "2"]
[White "Pasalic, Harun"]
[Black "Stogov, Alexander"]
[Result "1/2-1/2"]
[WhiteElo "2199"]
[BlackElo "2303"]
[PlyCount "137"]
[EventDate "2011.06.30"]
[EventType "tourn"]
[EventRounds "9"]
[EventCountry "RUS"]
[SourceTitle "EXT 2013"]
[Source "ChessBase"]
[SourceDate "2012.11.22"]
[SourceVersion "1"]
[SourceVersionDate "2012.11.22"]
[SourceQuality "1"]

1. e4 e5 2. Nf3 Nf6 3. Nxe5 d6 4. Nf3 Nxe4 5. d4 d5 6. Bd3 Be7 7. 0-0 Nc6 8. Re1 Bg4 9. c3 f5 10. Qb3 0-0 11. Nbd2 Na5 12. Qa4 c5 13. Ne5 Bh5 14. f3 cxd4 15. cxd4 Bh4 16. Rf1 Be8 17. Bb5 Bf2+ 18. Rxf2 Nxf2 19. Bxe8 Rxe8 20. Nf1 Rxe5 21. dxe5 Nd3 22. Qd4 Qb6 23. Be3 Qxd4 24. Bxd4 Nc6 25. Rd1 Ndxe5 26. Bxe5 Nxe5 27. Rxd5 Re8 28. f4 Nc6 29. Kf2 g6 30. Rd7 b6 31. Rc7 Nd4 32. Ne3 Ne6 33. Rxa7 Nxf4 34. Kf3 Nd3 35. Nd5 Re6 36. Rb7 Nxb2 37. Nxb6 Nd3 38. a4 g5 39. h3 Ne5+ 40. Kf2 f4 41. Nd5 Rd6 42. Rb5 Nc4 43. Kf3 h5 44. h4 Nd2+ 45. Ke2 Ne4 46. Kd3 Nf6 47. Kc4 Rc6+ 48. Kd4 Nxd5 49. Rxd5 gxh4 50. Rxh5 Ra6 51. a5 Kg7 52. Ke4 Rg6 53. Rxh4 Rxg2 54. Rxf4 Ra2 55. Rf5 Ra4+ 56. Kd3 Kg6 57. Rc5 Kf6 58. Kc3 Ke6 59. Kb3 Ra1 60. Kb4 Kd6 61. Rc2 Rb1+ 62. Ka4 Rb7 63. a6 Rc7 64. Rd2+ Kc6 65. Ka5 Rc8 66. Rb2 Rc7 67. Rb3 Kd7 68. Rb7 Rxb7 69. axb7 1/2-1/2

[Event "Moscow IM-A 06"]
[Site "Moscow"]
[Date "2011.06.23"]
[Round "9"]
[White "Stogov, Alexander"]
[Black "Rozanov, Pavel B"]
[Result "1-0"]
[WhiteElo "2303"]
[BlackElo "2276"]
[PlyCount "165"]
[EventDate "2011.06.09"]
[EventType "tourn"]
[EventRounds "9"]
[EventCountry "RUS"]
[SourceTitle "EXT 2013"]
[Source "ChessBase"]
[SourceDate "2012.11.22"]
[SourceVersion "1"]
[SourceVersionDate "2012.11.22"]
[SourceQuality "1"]

1. d4 g6 2. Nf3 Bg7 3. Bg5 f5 4. e3 Nf6 5. Be2 0-0 6. 0-0 d6 7. c4 c6 8. Nc3 Na6 9. h3 Kh8 10. Rb1 Nc7 11. b4 Be6 12. Qc2 Rc8 13. Nd2 b5 14. a4 bxc4 15. Bxf6 Bxf6 16. Bxc4 Bd7 17. Nb3 Rb8 18. Nc1 f4 19. exf4 Bxd4 20. N1e2 Bg7 21. Bd3 Qe8 22. Rfe1 Qf7 23. Ne4 Nd5 24. Bc4 Qf5 25. g4 Qf7 26. b5 Qe8 27. Ng5 e6 28. Bxd5 cxd5 29. Qc7 Qe7 30. a5 Ra8 31. b6 axb6 32. Rxb6 h6 33. Nxe6 Qxe6 34. Rxd6 Ra7 35. Qb6 Qe7 36. Rxd5 Be8 37. Kf1 Bf7 38. Rdd1 Rfa8 39. Ng3 Qh4 40. Kg2 Rxa5 41. Rd7 R5a6 42. Qb7 R6a7 43. Qxa7 Rxa7 44. Rxa7 Bd5+ 45. Kh2 Qf6 46. Re8+ Bf8 47. f5 gxf5 48. Nxf5 Bc6 49. Ra6 Kh7 50. Rxf8 Qxf8 51. Rxc6 Qb8+ 52. Rd6 Qc7 53. Kg2 Qb7+ 54. Kg3 Qb3+ 55. f3 h5 56. Rh6+ Kg8 57. Rxh5 Qb8+ 58. f4 Qb3+ 59. Kh4 Qd3 60. Rh6 Qd8+ 61. Kh5 Qe8+ 62. Kg5 Qd8+ 63. Rf6 Kh7 64. Ng3 Kg7 65. Nh5+ Kh7 66. Kh4 Qe7 67. g5 Qe1+ 68. Ng3 Kg7 69. Rb6 Qd1 70. Rb7+ Kg8 71. Re7 Kf8 72. Re5 Qf3 73. Re4 Kg7 74. f5 Qf2 75. Kg4 Qc2 76. Re7+ Kf8 77. f6 Qd1+ 78. Kh4 Qf3 79. Re4 Kf7 80. Re7+ Kf8 81. Ne4 Kg8 82. g6 Qf5 83. Re8# 1-0

[Event "Moscow-ch 1/2 final"]
[Site "Moscow"]
[Date "2002.??.??"]
[Round "5"]
[White "Ageichenko, Genadi A"]
[Black "Stogov, Alexander"]
[Result "1-0"]
[WhiteElo "2346"]
[BlackElo "2156"]
[PlyCount "87"]
[EventDate "2002.03.??"]
[EventType "swiss"]
[EventRounds "11"]
[EventCountry "RUS"]
[SourceTitle "EXT 2003"]
[Source "ChessBase"]
[SourceDate "2002.11.25"]
[SourceVersion "1"]
[SourceVersionDate "2002.11.25"]
[SourceQuality "1"]

1. e4 e5 2. Nf3 Nf6 3. Nc3 Bb4 4. Bc4 d6 5. d3 h6 6. h3 Nc6 7. 0-0 Bxc3 8. bxc3 Na5 9. Bb3 Nxb3 10. axb3 0-0 11. c4 c5 12. Nh2 Nh7 13. f4 g5 14. fxg5 hxg5 15. Qh5 f6 16. Ng4 Bxg4 17. Qxg4 Kh8 18. Bd2 Qe7 19. Rf3 b6 20. Raf1 Rg8 21. g3 Raf8 22. Kg2 Rf7 23. Rf5 Rfg7 24. Rh1 Rg6 25. h4 gxh4 26. Qxh4 Qg7 27. Be1 Qe7 28. Rh5 R8g7 29. Bd2 Rf7 30. Qh3 Rg8 31. Qf5 Rb8 32. Rh6 Rg8 33. R1h3 Rgg7 34. Kf3 Kg8 35. R6h5 Kh8 36. Bh6 Rg8 37. Be3 Rgg7 38. Rh6 Kg8 39. g4 Qd7 40. R6h5 Kh8 41. R3h4 Qe7 42. Ke2 Rg8 43. Bh6 Rb8 44. Rh2 1-0